[Event "Bucaramanga Santander-ch"]
[Site "Bucaramanga"]
[Date "2023.04.02"]
[Round "6"]
[White "Vasquez, Nestor"]
[Black "Ramirez, Orlando"]
[Result "1-0"]
[WhiteElo "1630"]
[BlackElo "1379"]
[PlyCount "31"]
[EventDate "2023.03.31"]
[EventType "swiss"]
[EventRounds "7"]
[EventCountry "COL"]
[SourceTitle "CBM 213 Extra"]
[Source "ChessBase"]
[SourceDate "2023.05.31"]
[SourceVersion "1"]
[SourceVersionDate "2023.05.31"]
[SourceQuality "1"]

1. d4 d5 2. e3 Nf6 3. Nf3 e6 4. Bd3 Bd6 5. Nbd2 0-0 6. 0-0 Re8 7. e4 e5 8. dxe5 Bxe5 9. exd5 Qxd5 10. Re1 Bg4 11. h3 Bxf3 12. Nxf3 c6 13. c4 Qd6 14. Rxe5 Rxe5 15. Bxh7+ Kxh7 16. Qxd6 1-0

[Event "Bucaramanga Udi Cup"]
[Site "Bucaramanga"]
[Date "2014.10.18"]
[Round "6"]
[White "Jaimes Franco, Francisco Javier"]
[Black "Vasquez, Nestor"]
[Result "0-1"]
[WhiteElo "1454"]
[BlackElo "1657"]
[PlyCount "38"]
[EventDate "2014.10.15"]
[EventType "swiss"]
[EventRounds "9"]
[EventCountry "COL"]
[SourceTitle "EXT 2015"]
[Source "ChessBase"]
[SourceDate "2014.11.20"]
[SourceVersion "1"]
[SourceVersionDate "2014.11.20"]
[SourceQuality "1"]

1. g3 e5 2. e4 Bc5 3. Nf3 Nc6 4. Bd3 d6 5. 0-0 Bg4 6. h3 Bxh3 7. Re1 Bg4 8. Re3 Bxe3 9. dxe3 Qf6 10. Bb5 Qxf3 11. Bxc6+ bxc6 12. Qxf3 Bxf3 13. b3 Nf6 14. Nc3 Nxe4 15. Na4 0-0 16. c4 f5 17. Bb2 Rf6 18. Rd1 Rh6 19. c5 Rh1# 0-1

[Event "Bucaramanga Feria op 2nd"]
[Site "Bucaramanga"]
[Date "2013.09.20"]
[Round "1"]
[White "Vasquez, Nestor"]
[Black "Marquez Rueda, Benjamin"]
[Result "0-1"]
[WhiteElo "1566"]
[BlackElo "2018"]
[PlyCount "38"]
[EventDate "2013.09.20"]
[EventType "swiss"]
[EventRounds "7"]
[EventCountry "COL"]
[SourceTitle "CBM 156 Extra"]
[Source "ChessBase"]
[SourceDate "2013.10.22"]
[SourceVersion "1"]
[SourceVersionDate "2013.10.22"]
[SourceQuality "1"]

1. d4 d5 2. e3 Nf6 3. Bd3 Nbd7 4. Nd2 e5 5. c3 e4 6. Bc2 Bd6 7. f4 0-0 8. h3 Ne8 9. Nf1 g6 10. Qe2 Ng7 11. Bd2 a5 12. 0-0-0 a4 13. a3 Qe7 14. Be1 Nb6 15. Nd2 Bxa3 16. Nb1 Bd6 17. Bd2 a3 18. Bb3 a2 19. Kc2 a1Q 0-1

[Event "Santander UDI Cup"]
[Site "Santander"]
[Date "2013.06.02"]
[Round "5"]
[White "Cupaban Bautista, Sergio Alejandro"]
[Black "Vasquez, Nestor"]
[Result "1-0"]
[WhiteElo "1989"]
[BlackElo "1610"]
[PlyCount "77"]
[EventDate "2013.05.31"]
[EventType "swiss"]
[EventRounds "8"]
[EventCountry "COL"]
[SourceTitle "CBM 154 Extra"]
[Source "ChessBase"]
[SourceDate "2013.06.25"]
[SourceVersion "2"]
[SourceVersionDate "2013.06.25"]
[SourceQuality "1"]

1. e4 e6 2. d4 d5 3. e5 c5 4. c3 Nc6 5. Nf3 b6 6. Bd3 f5 7. 0-0 g6 8. Bg5 Nge7 9. Bf6 Rg8 10. Bb5 Bb7 11. Ng5 Qd7 12. Nxh7 0-0-0 13. a4 a6 14. Bxc6 Nxc6 15. Bxd8 Nxd8 16. Nf6 Qg7 17. Nxg8 Qxg8 18. Nd2 Qh7 19. dxc5 Bxc5 20. b4 Be7 21. Nf3 g5 22. Qd4 Kc7 23. a5 bxa5 24. bxa5 g4 25. Qb6+ Kb8 26. Nd4 Qg6 27. Rab1 Qe8 28. Nxe6 Qc6 29. Qxc6 Nxc6 30. Nd4 Nxd4 31. cxd4 Bd8 32. Rb2 Ka8 33. Rfb1 Bc6 34. Rb8+ Ka7 35. Rxd8 f4 36. e6 f3 37. e7 fxg2 38. e8Q g3 39. Qe7+ 1-0

[Event "Santander UDI Cup"]
[Site "Santander"]
[Date "2013.06.01"]
[Round "4"]
[White "Vasquez, Nestor"]
[Black "Jaimes, Fredy Alexander"]
[Result "0-1"]
[WhiteElo "1610"]
[BlackElo "1766"]
[PlyCount "82"]
[EventDate "2013.05.31"]
[EventType "swiss"]
[EventRounds "8"]
[EventCountry "COL"]
[SourceTitle "CBM 154 Extra"]
[Source "ChessBase"]
[SourceDate "2013.06.25"]
[SourceVersion "2"]
[SourceVersionDate "2013.06.25"]
[SourceQuality "1"]

1. d4 Nf6 2. e3 g6 3. Bd3 Bg7 4. Nd2 d6 5. h3 0-0 6. f4 Nc6 7. Ngf3 Nb4 8. Bc4 Bf5 9. e4 Nxe4 10. Nxe4 Bxe4 11. Bd3 Bxd3 12. cxd3 e5 13. dxe5 dxe5 14. Nxe5 Bxe5 15. fxe5 Qxd3 16. Qxd3 Nxd3+ 17. Kf1 Nxc1 18. Rxc1 Rfe8 19. Rxc7 Rac8 20. Rxc8 Rxc8 21. Kg1 Rc2 22. g4 Rxb2 23. Rh2 Rxh2 24. Kxh2 Kf8 25. Kg3 Ke7 26. Kf4 Ke6 27. h4 Kd5 28. h5 b5 29. hxg6 hxg6 30. e6 fxe6 31. Kg5 e5 32. Kxg6 e4 33. Kf5 e3 34. g5 e2 35. g6 e1Q 36. g7 Qe6+ 37. Kg5 Ke5 38. a3 Qf6+ 39. Kh5 Qxg7 40. a4 Kf5 41. axb5 Qg5# 0-1

[Event "Santander UDI Cup"]
[Site "Santander"]
[Date "2013.05.31"]
[Round "2"]
[White "Laguna, Johan Esteban"]
[Black "Vasquez, Nestor"]
[Result "0-1"]
[WhiteElo "1482"]
[BlackElo "1610"]
[PlyCount "24"]
[EventDate "2013.05.31"]
[EventType "swiss"]
[EventRounds "8"]
[EventCountry "COL"]
[SourceTitle "CBM 154 Extra"]
[Source "ChessBase"]
[SourceDate "2013.06.25"]
[SourceVersion "2"]
[SourceVersionDate "2013.06.25"]
[SourceQuality "1"]

1. e4 e5 2. d4 exd4 3. Qxd4 Nc6 4. Qd1 Nf6 5. Nf3 d5 6. exd5 Qxd5 7. Nc3 Qxd1+ 8. Nxd1 Bg4 9. Ng5 h6 10. Nh3 0-0-0 11. Bd3 Nb4 12. Bc4 Rxd1# 0-1

[Event "Santander SUB 1800"]
[Site "Santander"]
[Date "2013.05.19"]
[Round "2.17"]
[White "Vasquez, Nestor"]
[Black "Ramirez, Orlando"]
[Result "1-0"]
[WhiteElo "1651"]
[BlackElo "1447"]
[PlyCount "63"]
[EventDate "2013.05.18"]
[EventType "swiss"]
[EventRounds "7"]
[EventCountry "COL"]
[SourceTitle "EXT 2024"]
[Source "ChessBase"]
[SourceDate "2023.10.10"]
[SourceVersion "1"]
[SourceVersionDate "2023.10.10"]
[SourceQuality "1"]

1. e4 c6 2. Nf3 d5 3. exd5 cxd5 4. d4 Nf6 5. c4 e6 6. Be3 Nc6 7. Nc3 Bb4 8. Bd2 Qa5 9. a3 Bxc3 10. Bxc3 Qb6 11. c5 Qc7 12. Bb5 Bd7 13. Ne5 0-0 14. f4 a6 15. Nxd7 Qxd7 16. Bd3 Qc7 17. 0-0 b6 18. Qc2 bxc5 19. dxc5 d4 20. Be1 Rfd8 21. Bh4 Qe7 22. Rf3 h6 23. Re1 Rd5 24. b4 Rh5 25. Bh7+ Kf8 26. Bxf6 Qxf6 27. Be4 Rc8 28. g3 e5 29. Qa4 Ne7 30. Bb7 Rd8 31. fxe5 Qxf3 32. Bxf3 1-0